William Golding /

Bibliographic Details
Main Author: Hynes, Samuel, 1924-2019
Format: Book
Language:English
Published: New York : Columbia University Press, [1964]
Series:Columbia essays on modern writers ; no. 2.
Subjects:

MARC

Tag First Indicator Second Indicator Subfields
LEADER 00000cam a2200000 4500
001 in00000042134
005 20200418063529.0
008 720504s1964 nyu b 00010beng
010 |a  64022638  
035 |a (OCoLC)00365441 
035 |9 AAE4659AM 
040 |a DLC  |c DLC  |d TXA  |d UtOrBLW 
049 |a TXAM  |c 1 [1115395], 2 [A12146005] 
050 0 0 |a PR6013.O35  |b Z68 
100 1 |a Hynes, Samuel,  |d 1924-2019. 
245 1 0 |a William Golding /  |c by Samuel Hynes. 
264 1 |a New York :  |b Columbia University Press,  |c [1964] 
264 4 |c ©1964 
300 |a 48 pages ;  |c 21 cm. 
336 |a text  |b txt  |2 rdacontent 
337 |a unmediated  |b n  |2 rdamedia 
338 |a volume  |b nc  |2 rdacarrier 
490 1 |a Columbia essays on modern writers,  |v no. 2 
504 |a Bibliography: pages 47-48. 
536 |a Cushing Library/Science Fiction copy is a gift of Bob Brittingham for the Science Fiction and Fantasy Research Collection. 
600 1 0 |a Golding, William,  |d 1911-1993. 
830 0 |a Columbia essays on modern writers ;  |v no. 2. 
999 |a MARS 
999 f f |s 1178dbd5-87d8-3186-a3b5-2a15b0bfc4e4  |i 7e9597a2-3d10-3604-b8b2-4728dea78c4c  |t 0 
952 f f |p normal  |a Texas A&M University  |b College Station  |c Sterling C. Evans Library  |s Evans stk  |d Evans: Library Stacks  |t 0  |e PR6013.O35 Z68  |h Library of Congress classification  |i unmediated -- volume  |m A14812146005 
952 f f |p noncirc  |a Texas A&M University  |b College Station  |c Cushing Memorial Library & Archives  |s cush scif  |d Cushing: Science Fiction (Does not check out)  |t 0  |e PR6013.O35 Z68 1964  |h Library of Congress classification  |i unmediated -- volume 
952 f f |p normal  |a Texas A&M University  |b College Station  |c Sterling C. Evans Library  |s Evans stk  |d Evans: Library Stacks  |t 0  |e PR6013.O35 Z68  |h Library of Congress classification  |i unmediated -- volume  |m A14818717773 
998 f f |a PR6013.O35 Z68  |t 0  |l Evans: Library Stacks 
998 f f |a PR6013.O35 Z68  |t 0  |l Evans: Library Stacks 
998 f f |a PR6013.O35 Z68 1964  |t 0  |l Cushing: Science Fiction (Does not check out)